Estadísticas para Biología #1

Haz click aquí para intentar la prueba.

Estadísticas generales

  • Esta prueba ha sido intentada 241 veces
  • La puntuación promedio es 5 de 20

Estadísticas de respuestas

PistaRespuesta% Correcto
Mayor componente de una célulaCitoplasma
73%
¿Cómo se llaman las células que componen a los seres vivos complejos?Eucariotas
58%
Método usado por las células para conseguir energía mediante la glucosaGlucólisis
48%
¿Cómo se denomina un individuo con un solo cromosoma para un gen?Haploide
40%
Rama de la biología que estudia los tejidos de los seres vivosHistología
39%
Grupo de hormonas que sirven para la comunicación entre individuos de la misma especieFeromonas
36%
¿Cómo se llamaba el biólogo que, junto a Darwin, creó una teoría sobre la evolución que resultó ser errónea?Jean-Baptiste Lamarck
33%
Grupo de plantas que no genera floresGimnospermas
24%
¿Quién es el padre de la taxonomía?Carl Linneo
21%
¿Cómo se llama la cavidad interna en los seres vivos?Celoma
13%
¿Cómo se llama a una proteína con malformación en los plegamientos?Prión
13%
¿Con qué método se pueden diferenciar a algunas moneras?Tinción de Gram
11%
Animal que no desarrolla el mesodermo en la etapa de blástulaDiblástico
10%
Tipo de reproducción que llevan a cabo la mayoría de equinodermosGemación/Escisión
10%
¿Cómo se llama el agujero principal en una esponja?Ósculo
10%
¿Cómo se llamaba el biólogo que estableció los 5 reinos de los seres vivos?Robert Whittaker
10%
Gracias a qué órgano pueden aguantar los pájaros más tiempo "sin respirar"Saco aéreo
9%
Sustancia que nutre a la semilla de una planta en su formaciónEndospermo
7%
Eje que conecta el sistema endocrino con el nerviosoHipotálamo-Hipofisiario
6%
¿Con qué fluido cuentan los insectos en lugar de sangre?Hidrolinfa
4%

Distribución de puntuación

Porcentaje por número respondido

Porcentaje de gente con cada puntuación

Historial de tus puntuaciones

No has intentado esta prueba.